Statistics for States by Percentage of Population in Largest City

Click here to take the quiz!

General Stats

  • This quiz has been taken 54 times
  • The average score is 7 of 10

Answer Stats

%State% Correct
24.5Hawaii
92%
40.0Alaska
88%
42.3New York
86%
22.3Arizona
71%
21.4Nevada
71%
20.9Illinois
69%
26.2New Mexico
61%
22.1Nebraska
57%
18.6South Dakota
55%
17.0Kentucky
39%

Score Distribution

Percentile by Number Answered

Percent of People with Each Score

Your Score History

You have not taken this quiz